| 000 | 00902nam a2200181 a 4500 | ||
|---|---|---|---|
| 001 | 000035953 | ||
| 005 | 20210629083419.0 | ||
| 008 | 111121s1998 dr 000 0 spa d | ||
| 040 |
_aDO-SdBNP _bspa _cBNPHU |
||
| 245 | 0 | 0 | _aLibro de las bellas artes. |
| 246 | 1 | 4 | _aEl libro de las bellas artes |
| 260 |
_aSanto Domingo : _bSecretaría de Estado de Cultura, Dirección General de Bellas Artes, _bUniversidad Autónoma de Santo Domingo, _c1998. |
||
| 300 |
_a286 p. : _bil., mús., retrs. ; _c27 cm. |
||
| 490 | 1 |
_aPublicación de la Universidad Autónoma de Santo Domingo _v106 |
|
| 500 | _aDirección del Sistema Nacional de Escuelas de Bellas Artes, Dirección Nacional de Artes Visuales, Dirección Nacional de Drama, Dirección Nacional de Música, Dirección Nacional de Danza. | ||
| 500 | _aTexto a dos columnas | ||
| 830 |
_aPubliacaciones de la Universidad Autónoma de Santo Domingo _v106 _956533 |
||
| 999 |
_c35444 _d35444 |
||